[Event "WchT Rapid"]
[Site "London"]
[Date "2025.06.11"]
[Round "4.1"]
[White "Gallana, Marco"]
[Black "Badacsonyi, Stanley Ethan Artie"]
[Result "1/2-1/2"]
[WhiteElo "2232"]
[BlackElo "2316"]
[PlyCount "61"]
[EventDate "2025.06.11"]
[EventType "team-swiss"]
[EventRounds "12"]
[EventCountry "ENG"]
[SourceTitle "CB25_2025"]
[SourceDate "2025.06.18"]
[SourceVersion "1"]
[SourceVersionDate "2025.06.18"]
[SourceQuality "1"]
[WhiteTeam "Hammersmith"]
[BlackTeam "English Knightmares"]
[WhiteTeamCountry "ENG"]
[BlackTeamCountry "ENG"]

1. Nf3 Nf6 2. c4 g6 3. Nc3 Bg7 4. e4 d6 5. d4 0-0 6. Be2 e5 7. dxe5 dxe5 8. Qxd8 Rxd8 9. Bg5 Re8 10. Nd5 Nxd5 11. cxd5 c6 12. Bc4 cxd5 13. Bxd5 Nc6 14. 0-0-0 Bg4 15. Be3 Rac8 16. Kb1 b6 17. h3 Bxf3 18. gxf3 Bf6 19. a3 Rc7 20. Rd3 Rec8 21. Rc1 Nd8 22. Rxc7 Rxc7 23. b4 g5 24. Kb2 Kg7 25. a4 Be7 26. Kb3 Ne6 27. Rc3 Rxc3+ 28. Kxc3 Nf4 29. Bxf4 gxf4 30. Kc4 a5 31. bxa5 1/2-1/2

[Event "Cambridge op 3rd"]
[Site "Cambridge"]
[Date "2025.05.31"]
[Round "9"]
[White "Badacsonyi, Stanley Ethan Artie"]
[Black "Haubro, Martin"]
[Result "1-0"]
[WhiteElo "2289"]
[BlackElo "2402"]
[PlyCount "135"]
[EventDate "2025.05.26"]
[EventType "tourn"]
[EventRounds "9"]
[EventCountry "ENG"]
[SourceTitle "CB23_2025"]
[SourceDate "2025.06.04"]
[SourceVersion "1"]
[SourceVersionDate "2025.06.04"]
[SourceQuality "1"]

1. d4 Nf6 2. c4 e6 3. Nc3 Bb4 4. e3 0-0 5. Bd3 d5 6. Nf3 dxc4 7. Bxc4 c5 8. 0-0 cxd4 9. exd4 b6 10. Qe2 Nc6 11. Rd1 Bb7 12. d5 exd5 13. Nxd5 Nxd5 14. Bxd5 Qe7 15. Qxe7 Bxe7 16. Bg5 Bc5 17. Ne5 Nxe5 18. Bxb7 Rae8 19. h3 h6 20. Bf4 Ng6 21. Bg3 Re2 22. Rab1 f5 23. Ba6 Re4 24. Bd6 Bxd6 25. Rxd6 Ne5 26. b3 f4 27. f3 Re3 28. Rc1 Rf7 29. Kf2 Re7 30. h4 g6 31. Rf6 Rd3 32. Rc2 Rd4 33. g3 fxg3+ 34. Kxg3 Kg7 35. Rf4 Rxf4 36. Kxf4 Kf6 37. Bb5 Ke6 38. Rc8 Kd5 39. Kg3 Kd4 40. f4 Nf7 41. Rc6 g5 42. Bc4 gxf4+ 43. Kxf4 Ne5 44. Rd6+ Kc3 45. Re6 Rxe6 46. Bxe6 Nd3+ 47. Kf5 b5 48. Bg8 b4 49. Kg6 Nf4+ 50. Kxh6 Ng2 51. h5 Nf4 52. Bf7 Kb2 53. Be8 Kxa2 54. Ba4 Ne6 55. Kg6 Nc5 56. Bc6 Nd3 57. Kf5 Kxb3 58. Bd5+ Ka3 59. h6 b3 60. Bxb3 Kxb3 61. h7 a5 62. h8Q Nb2 63. Qb8+ Ka2 64. Ke4 a4 65. Kd4 a3 66. Kc3 Nd1+ 67. Kc2 Ne3+ 68. Kc1 1-0

[Event "Cambridge op 3rd"]
[Site "Cambridge"]
[Date "2025.05.30"]
[Round "8"]
[White "Skettos, Nicolas"]
[Black "Badacsonyi, Stanley Ethan Artie"]
[Result "0-1"]
[WhiteElo "1961"]
[BlackElo "2289"]
[PlyCount "128"]
[EventDate "2025.05.26"]
[EventType "tourn"]
[EventRounds "9"]
[EventCountry "ENG"]
[SourceTitle "CB23_2025"]
[SourceDate "2025.06.04"]
[SourceVersion "1"]
[SourceVersionDate "2025.06.04"]
[SourceQuality "1"]

1. e4 e6 2. d4 d5 3. Nc3 Nf6 4. Bg5 Bb4 5. exd5 Qxd5 6. Bxf6 Bxc3+ 7. bxc3 gxf6 8. Nf3 b6 9. Bd3 Bb7 10. c4 Qa5+ 11. Qd2 Qxd2+ 12. Kxd2 Bxf3 13. gxf3 Nd7 14. Rhg1 Ke7 15. Be4 Rad8 16. f4 f5 17. Bf3 Nf8 18. Ke3 Ng6 19. c3 Kf6 20. a4 c5 21. a5 Rc8 22. axb6 axb6 23. Rgc1 Rhd8 24. Ra6 b5 25. d5 bxc4 26. d6 Rd7 27. Be2 e5 28. Bxc4 Rcd8 29. Rd1 Nxf4 30. Bb5 Rb7 31. c4 Ne6 32. Rd5 Rbb8 33. d7 Ra8 34. Rb6 Ra3+ 35. Ke2 Ra2+ 36. Kf3 e4+ 37. Ke3 Kg5 38. Rxe6 fxe6 39. Rxc5 Ra7 40. Rc8 Rdxd7 41. Bxd7 Rxd7 42. c5 Rd3+ 43. Ke2 Kf4 44. Re8 Ke5 45. Re7 h5 46. Rh7 Rc3 47. Rxh5 Rxc5 48. Rh3 Rc2+ 49. Ke1 Ra2 50. Rb3 f4 51. Rb5+ Kf6 52. h4 Ra1+ 53. Kd2 Rh1 54. Rh5 e3+ 55. fxe3 f3 56. Rh6+ Kg7 57. Rxe6 f2 58. Re7+ Kf6 59. Re8 Kf7 60. Re4 f1Q 61. Rf4+ Qxf4 62. exf4 Rxh4 63. Ke3 Kf6 64. Ke4 Rg4 0-1

[Event "Cambridge op 3rd"]
[Site "Cambridge"]
[Date "2025.05.27"]
[Round "3"]
[White "Badacsonyi, Stanley Ethan Artie"]
[Black "Fernandez, Daniel Howard"]
[Result "0-1"]
[WhiteElo "2289"]
[BlackElo "2475"]
[PlyCount "60"]
[EventDate "2025.05.26"]
[EventType "tourn"]
[EventRounds "9"]
[EventCountry "ENG"]
[SourceTitle "CB23_2025"]
[SourceDate "2025.06.04"]
[SourceVersion "1"]
[SourceVersionDate "2025.06.04"]
[SourceQuality "1"]

1. d4 Nf6 2. c4 g6 3. Nc3 d5 4. cxd5 Nxd5 5. Bd2 Bg7 6. e4 Nxc3 7. Bxc3 0-0 8. Qd2 c5 9. d5 e6 10. Bc4 Qh4 11. Bxg7 Qxe4+ 12. Ne2 Kxg7 13. Qc3+ Kg8 14. f3 Qh4+ 15. g3 Qe7 16. Kf2 b5 17. Bxb5 exd5 18. Rac1 a6 19. Ba4 Bd7 20. Bd1 d4 21. Qxc5 Qe3+ 22. Kg2 Nc6 23. h4 Rfe8 24. Qg5 Qd3 25. Rc2 Qxc2 26. Bxc2 Rxe2+ 27. Kf1 Rxc2 28. h5 Ne5 29. hxg6 Bb5+ 30. Kg1 Nxf3# 0-1

[Event "Cambridge op 3rd"]
[Site "Cambridge"]
[Date "2025.05.26"]
[Round "2"]
[White "Ladron de Guevara Pinto, Paolo"]
[Black "Badacsonyi, Stanley Ethan Artie"]
[Result "1/2-1/2"]
[WhiteElo "2419"]
[BlackElo "2289"]
[PlyCount "48"]
[EventDate "2025.05.26"]
[EventType "tourn"]
[EventRounds "9"]
[EventCountry "ENG"]
[SourceTitle "CB23_2025"]
[SourceDate "2025.06.04"]
[SourceVersion "1"]
[SourceVersionDate "2025.06.04"]
[SourceQuality "1"]

1. d4 Nf6 2. c4 g6 3. Nc3 Bg7 4. e4 d6 5. h3 0-0 6. Nge2 Nc6 7. d5 Ne5 8. Ng3 e6 9. Be2 a6 10. 0-0 exd5 11. cxd5 b5 12. f4 Ned7 13. Bf3 Re8 14. Re1 Bb7 15. a3 Nb6 16. Re2 Nfd7 17. Nf1 a5 18. Be3 Ba6 19. Rf2 b4 20. axb4 axb4 21. Na4 Bxf1 22. Rxf1 Nxa4 23. Rxa4 Rxa4 24. Qxa4 Nf6 1/2-1/2

[Event "Titled Tuesday intern op 20th May Late"]
[Site "Chess.com INT"]
[Date "2025.05.20"]
[Round "5"]
[White "Badacsonyi, Stanley Ethan Artie"]
[Black "Sanhueza, Cristian"]
[Result "1-0"]
[WhiteElo "2289"]
[BlackElo "2182"]
[PlyCount "75"]
[EventDate "2025.05.20"]
[EventType "swiss (blitz)"]
[EventRounds "11"]
[EventCountry "USA"]
[SourceTitle "CB22_2025"]
[SourceDate "2025.05.28"]
[SourceVersion "1"]
[SourceVersionDate "2025.05.28"]
[SourceQuality "1"]

1. d4 Nf6 2. c4 e6 3. Nc3 d5 4. cxd5 exd5 5. Bg5 c6 6. e3 Bf5 7. Qf3 Bg6 8. Bxf6 Qxf6 9. Qxf6 gxf6 10. h4 h5 11. g3 Nd7 12. Kd2 Bd6 13. Nge2 0-0-0 14. Nf4 Bxf4 15. gxf4 Bf5 16. b4 a6 17. a4 Nb6 18. b5 axb5 19. axb5 Kc7 20. bxc6 bxc6 21. Ra7+ Kd6 22. Rxf7 Ke6 23. Rb7 Rb8 24. Rxb8 Rxb8 25. Be2 Nd7 26. Ra1 Rb2+ 27. Ke1 Rc2 28. Na4 Bg4 29. Bd3 Bf5 30. Bxc2 Bxc2 31. Nc5+ Nxc5 32. dxc5 d4 33. Kd2 Bf5 34. exd4 Kd5 35. Ke3 Bc2 36. Ra8 Bb1 37. Rd8+ Kc4 38. Rd6 1-0

[Event "Titled Tuesday intern op 20th May Late"]
[Site "Chess.com INT"]
[Date "2025.05.20"]
[Round "9"]
[White "Harsha, Bharathakoti"]
[Black "Badacsonyi, Stanley Ethan Artie"]
[Result "1-0"]
[WhiteElo "2532"]
[BlackElo "2289"]
[PlyCount "59"]
[EventDate "2025.05.20"]
[EventType "swiss (blitz)"]
[EventRounds "11"]
[EventCountry "USA"]
[SourceTitle "CB22_2025"]
[SourceDate "2025.05.28"]
[SourceVersion "1"]
[SourceVersionDate "2025.05.28"]
[SourceQuality "1"]

1. Nf3 Nf6 2. c4 g6 3. Nc3 Bg7 4. e4 d6 5. d4 0-0 6. Be2 e5 7. Be3 Ng4 8. Ng5 f6 9. Bxg4 fxg5 10. Bxc8 Qxc8 11. d5 g4 12. h3 gxh3 13. Rxh3 Nd7 14. g4 Nf6 15. f3 h5 16. Rg3 hxg4 17. fxg4 Nh7 18. Qe2 Qd8 19. g5 Rf4 20. 0-0-0 Qe7 21. Rh1 Raf8 22. Qh2 Nxg5 23. Qg2 Bf6 24. Rg1 Kg7 25. Ne2 Rxe4 26. Bxg5 Bxg5+ 27. Rxg5 Rxc4+ 28. Kb1 Kf7 29. Rxg6 Ke8 30. Re6 1-0

[Event "Titled Tuesday intern op 06th May Early"]
[Site "Chess.com INT"]
[Date "2025.05.06"]
[Round "9"]
[White "Badacsonyi, Stanley Ethan Artie"]
[Black "Bok, Benjamin"]
[Result "1-0"]
[WhiteElo "2289"]
[BlackElo "2591"]
[PlyCount "85"]
[EventDate "2025.05.06"]
[EventType "swiss (blitz)"]
[EventRounds "11"]
[EventCountry "USA"]
[SourceTitle "CB20_2025"]
[SourceDate "2025.05.14"]
[SourceVersion "1"]
[SourceVersionDate "2025.05.14"]
[SourceQuality "1"]

1. d4 Nf6 2. c4 e6 3. Nc3 Bb4 4. e3 0-0 5. Bd2 b6 6. Nf3 d5 7. cxd5 exd5 8. Rc1 Bb7 9. Bd3 Re8 10. 0-0 Bf8 11. Ne5 c5 12. f4 Nc6 13. Ng4 Ne4 14. dxc5 Bxc5 15. Nxe4 dxe4 16. Bb5 Rc8 17. a3 a6 18. Bc4 Qe7 19. b4 Bd6 20. Bc3 Kh8 21. Nh6 Nd8 22. Bxg7+ Kxg7 23. Nf5+ Kf8 24. Nxd6 Rc6 25. Nxe8 Qxe8 26. Qh5 Kg7 27. Rfd1 Rg6 28. Qe5+ Qxe5 29. fxe5 Ne6 30. Rd7 Bc6 31. Re7 Ng5 32. Rf1 Kf8 33. Rc7 Bb5 34. Bxf7 Rg7 35. Bc4+ Nf3+ 36. Rxf3+ exf3 37. Rxg7 Kxg7 38. Bxb5 axb5 39. gxf3 Kf7 40. f4 Ke6 41. Kf2 Kd5 42. Kf3 Ke6 43. Ke4 1-0

[Event "Titled Tuesday intern op 06th May Early"]
[Site "Chess.com INT"]
[Date "2025.05.06"]
[Round "2"]
[White "Badacsonyi, Stanley Ethan Artie"]
[Black "Terry, Renato"]
[Result "0-1"]
[WhiteElo "2289"]
[BlackElo "2508"]
[PlyCount "60"]
[EventDate "2025.05.06"]
[EventType "swiss (blitz)"]
[EventRounds "11"]
[EventCountry "USA"]
[SourceTitle "CB20_2025"]
[SourceDate "2025.05.14"]
[SourceVersion "1"]
[SourceVersionDate "2025.05.14"]
[SourceQuality "1"]

1. d4 e6 2. c4 Bb4+ 3. Bd2 Qe7 4. Nc3 Nf6 5. Qc2 0-0 6. a3 Bxc3 7. Bxc3 d6 8. e3 Nc6 9. Nf3 e5 10. dxe5 dxe5 11. b4 e4 12. Nd4 Ne5 13. Be2 Bg4 14. 0-0 Bxe2 15. Qxe2 g6 16. Rad1 Rfe8 17. c5 c6 18. Ba1 a5 19. b5 Qxc5 20. Rc1 Qxa3 21. bxc6 bxc6 22. Nxc6 Nd3 23. Bxf6 Nxc1 24. Qc4 Nd3 25. Bd4 Qd6 26. Rb1 Rac8 27. Rb7 Qe6 28. Qxe6 Rxe6 29. Ne7+ Rxe7 30. Rxe7 Rc1# 0-1

[Event "Southend GM"]
[Site "Southend"]
[Date "2025.04.19"]
[Round "6"]
[White "Badacsonyi, Stanley Ethan Artie"]
[Black "Lim, Zhuo Ren"]
[Result "1/2-1/2"]
[WhiteElo "2320"]
[BlackElo "2331"]
[PlyCount "64"]
[EventDate "2025.04.17"]
[EventType "tourn"]
[EventRounds "9"]
[EventCountry "ENG"]
[EventCategory "6"]
[SourceTitle "CB17_2025"]
[SourceDate "2025.04.23"]
[SourceVersion "1"]
[SourceVersionDate "2025.04.23"]
[SourceQuality "1"]

1. d4 Nf6 2. c4 e6 3. Nc3 Bb4 4. e3 0-0 5. Bd3 d5 6. Nf3 dxc4 7. Bxc4 c5 8. 0-0 Nc6 9. dxc5 Bxc5 10. h3 h6 11. Qc2 Qe7 12. a3 Bd7 13. Rd1 Rfd8 14. b4 Bb6 15. Bb2 e5 16. Na4 Rac8 17. Nxb6 axb6 18. Qb3 Ne4 19. Bd5 Ng5 20. Nxg5 hxg5 21. e4 g4 22. hxg4 Bxg4 23. Rd3 Rd7 24. f3 Be6 25. Bxe6 fxe6 26. Rad1 Rcd8 27. Qc4 Rxd3 28. Rxd3 Rxd3 29. Qxd3 Qh4 30. Bc3 Nd4 31. Bxd4 exd4 32. Qxd4 Qe1+ 1/2-1/2

[Event "Southend GM"]
[Site "Southend"]
[Date "2025.04.18"]
[Round "3"]
[White "Badacsonyi, Stanley Ethan Artie"]
[Black "Lohia, Sohum"]
[Result "1/2-1/2"]
[WhiteElo "2320"]
[BlackElo "2354"]
[PlyCount "37"]
[EventDate "2025.04.17"]
[EventType "tourn"]
[EventRounds "9"]
[EventCountry "ENG"]
[EventCategory "6"]
[SourceTitle "CB17_2025"]
[SourceDate "2025.04.23"]
[SourceVersion "1"]
[SourceVersionDate "2025.04.23"]
[SourceQuality "1"]

1. Nf3 d5 2. g3 Bg4 3. Bg2 e6 4. 0-0 Nf6 5. d3 Be7 6. Nbd2 Nbd7 7. e4 0-0 8. b3 dxe4 9. dxe4 c6 10. Bb2 e5 11. h3 Bxf3 12. Qxf3 Qc7 13. Nc4 b5 14. Ne3 g6 15. Qe2 Bd6 16. Rad1 Rad8 17. Ng4 Nxg4 18. Qxg4 Nc5 19. Qe2 1/2-1/2

[Event "Titled Tuesday intern op 01st Apr Early"]
[Site "Chess.com INT"]
[Date "2025.04.01"]
[Round "10"]
[White "Badacsonyi, Stanley Ethan Artie"]
[Black "Fiorito, Joaquin"]
[Result "1-0"]
[WhiteElo "2334"]
[BlackElo "2402"]
[PlyCount "98"]
[EventDate "2025.04.01"]
[EventType "swiss (blitz)"]
[EventRounds "11"]
[EventCountry "USA"]
[SourceTitle "CB15_2025"]
[SourceDate "2025.04.09"]
[SourceVersion "1"]
[SourceVersionDate "2025.04.09"]
[SourceQuality "1"]

1. d4 Nf6 2. c4 b6 3. Nc3 Bb7 4. Qc2 d5 5. cxd5 Nxd5 6. e4 Nxc3 7. bxc3 e6 8. Nf3 Be7 9. Bd3 c5 10. 0-0 cxd4 11. cxd4 0-0 12. Bb2 Nd7 13. Rad1 Rc8 14. Qe2 Bb4 15. d5 exd5 16. e5 Nc5 17. Bf5 Ne6 18. h4 Qe7 19. Qe3 Rc4 20. g3 Rd8 21. Bd3 Rcc8 22. Bb1 Ba6 23. Kg2 Bxf1+ 24. Kxf1 Qc7 25. h5 Qc4+ 26. Kg2 h6 27. Nh4 Qg4 28. f3 Qxh5 29. Rh1 Qg5 30. f4 Nxf4+ 31. Qxf4 Bc3 32. Bc1 Bxe5 33. Qxg5 hxg5 34. Bxg5 Rc3 35. Bxd8 Rxg3+ 36. Kf2 Ra3 37. Nf3 Bf4 38. Be7 Rc3 39. Bh7+ Kh8 40. Rh4 Be3+ 41. Ke2 d4 42. Bd3+ Kg8 43. Nxd4 g5 44. Rg4 Bf4 45. Nf3 f6 46. Bxf6 Rc6 47. Bxg5 Bxg5 48. Rxg5+ Kf8 49. Be4 Ke7 1-0

[Event "Titled Tuesday intern op 01st Apr Early"]
[Site "Chess.com INT"]
[Date "2025.04.01"]
[Round "11"]
[White "Badacsonyi, Stanley Ethan Artie"]
[Black "Nepomniachtchi, Ian"]
[Result "0-1"]
[WhiteElo "2334"]
[BlackElo "2753"]
[PlyCount "62"]
[EventDate "2025.04.01"]
[EventType "swiss (blitz)"]
[EventRounds "11"]
[EventCountry "USA"]
[SourceTitle "CB15_2025"]
[SourceDate "2025.04.09"]
[SourceVersion "1"]
[SourceVersionDate "2025.04.09"]
[SourceQuality "1"]

1. d4 b6 2. c4 Bb7 3. Nc3 f5 4. Qc2 e6 5. Bf4 Nf6 6. e3 Bb4 7. Nge2 0-0 8. h3 Ne4 9. a3 Be7 10. Rg1 Bh4 11. g3 Bf6 12. g4 Bh4 13. Nxe4 Bxe4 14. Qd2 Nc6 15. gxf5 Bxf5 16. Ng3 Bg6 17. Bd3 Nxd4 18. exd4 Bxd3 19. Bxc7 Qxc7 20. Qxd3 Qf4 21. Rg2 g6 22. Nh5 Bxf2+ 23. Ke2 Qh6 24. Ng3 Bxg3 25. Qxg3 Rf4 26. Qe3 Raf8 27. Re1 Qh4 28. Kd1 Rxd4+ 29. Kc1 Rxc4+ 30. Kb1 Qf4 31. Qd3 Qf5 0-1

[Event "Titled Tuesday intern op 01st Apr Early"]
[Site "Chess.com INT"]
[Date "2025.04.01"]
[Round "1"]
[White "Badacsonyi, Stanley Ethan Artie"]
[Black "Ochedzan, Filip"]
[Result "1-0"]
[WhiteElo "2334"]
[BlackElo "2218"]
[PlyCount "73"]
[EventDate "2025.04.01"]
[EventType "swiss (blitz)"]
[EventRounds "11"]
[EventCountry "USA"]
[SourceTitle "CB15_2025"]
[SourceDate "2025.04.09"]
[SourceVersion "1"]
[SourceVersionDate "2025.04.09"]
[SourceQuality "1"]

1. c4 c5 2. g3 Nc6 3. Bg2 g6 4. Nc3 Bg7 5. Nf3 d6 6. 0-0 Nf6 7. d3 0-0 8. a3 e5 9. Ne1 Be6 10. Nc2 d5 11. cxd5 Nxd5 12. Bd2 Nxc3 13. Bxc3 Bd5 14. f3 Nd4 15. Ne3 Bc6 16. Rc1 Qd7 17. Bd2 b6 18. b4 cxb4 19. Bxb4 Rfe8 20. Nc4 Rab8 21. Nd6 Re6 22. Ne4 a5 23. Bd2 f5 24. Nc3 Kh8 25. Rb1 Ba8 26. a4 Rd8 27. Bh3 Qd6 28. Be3 Re7 29. Qd2 Rc8 30. Rfc1 Rec7 31. Kf1 Qa3 32. Na2 Qxa4 33. Rxc7 Rxc7 34. Rxb6 Bd5 35. Rb8+ Bf8 36. Rxf8+ Kg7 37. Bh6# 1-0